Torino FC Squad 2019-2020 - Statistics

General Stats
  • This quiz has been taken 25 times
  • The average score is 19 of 30
Answer Stats
# Position Nation Player % Correct
9 FW Italy Andrea Belotti
95%
39 GK Italy Salvatore Sirigu
95%
33 DF Cameroon Nicolas N'Koulou
90%
88 MF Venezuela Tomás Rincón
90%
34 DF Nigeria Ola Aina
85%
99 DF Italy Alessandro Buongiorno
80%
21 FW Spain Álex Berenguer
80%
36 DF Brazil Bremer
80%
15 DF Argentina Cristian Ansaldi
80%
17 DF Ivory Coast Wilfried Singo
80%
10 FW Spain Iago Falque
75%
30 DF Ivory Coast Koffi Djidji
75%
23 MF France Soualiho Meïté
75%
- Coach Italy Walter Mazzarri
75%
8 MF Italy Daniele Baselli
70%
7 MF Serbia Saša Lukić
70%
5 DF Italy Armando Izzo
65%
29 DF Italy Lorenzo De Silvestri
60%
4 DF Brazil Lyanco
60%
20 FW Italy Simone Edera
60%
93 MF Uruguay Diego Laxalt
55%
11 FW Italy Simone Zaza
55%
- Coach Italy Moreno Longo
50%
18 GK Kosovo Samir Ujkani
50%
24 FW Italy Simone Verdi
45%
22 FW Italy Vincenzo Millico
40%
25 GK Italy Antonio Rosati
30%
14 DF Italy Kevin Bonifazi
30%
80 MF France Michel Adopo
30%
27 FW Italy Vittorio Parigini
20%
No matching quizzes found
Score Distribution
Percent of People with Each Score
Percentile by Number Answered
Your Score History
You have not taken this quiz